000 00534nam a2200181 a 4500
001 000025443
005 20200930023806.0
008 110216s1980 mx r 000 0 spa d
020 _a9682408962
040 _aDO-SdBNP
_bspa
_cBNPHU
082 _aNNN
_bM828f
100 1 _aMorales Mancera, José
_952050
245 1 0 _aFilosofía social de la propiedad /
_cJosé Morales Mancera.
260 _aMéxico, D. F. :
_bTrillas,
_c1980.
300 _a107 p. :
_bil. ;
_c23 cm.
504 _aIncluye bibliografía (p. 103-104)
049 _aBNGR
999 _c24935
_d24935